Pays par pays voisins (Difficile) - Europe - Statistiques

Statistiques générales
  • Ce quiz a été pris 593 fois
  • Le résultat moyen est 9 sur 10
Statistiques - réponses
Hint Réponse % Correct
Saint-Marin Italie
99%
Andorre / Monaco France
97%
Pays Bas / Belgique Allemagne
96%
Allemagne / Russie Pologne
96%
Estonie / Biélorussie Lettonie
93%
Suisse / Liechtenstein Autriche
91%
Grèce / Monténégro Albanie
88%
Pologne / Allemagne Tchéquie
88%
Finlande / Russie Norvège
85%
Moldavie / Roumanie Ukraine
84%
Aucun quiz correspondant
Distribution des résultats
% des personnes avec chaque résultat
Percentile par nombre de réponses
Votre historique - résultats
Vous n’avez pas pris ce quiz